[Event "CCA ChessWise op"]
[Site "Stratton Mountain"]
[Date "1999.06.11"]
[Round "1"]
[White "Yermolinsky, Alex"]
[Black "Hummel, Patrick"]
[Result "1-0"]
[WhiteElo "2597"]
[BlackElo "2270"]

1.d4 Nf6 2.c4 g6 3.Nc3 Bg7 4.e4 d6 5.Bd3 O-O 6.Nge2 c5 7.d5 e6 8.O-O exd5
9.cxd5 Na6 10.Ng3 Nc7 11.h3 Rb8 12.a4 a6 13.a5 b5 14.axb6 Rxb6 15.Ra2 Nb5
16.Nxb5 axb5 17.Bg5 Qc7 18.Qd2 c4 19.Rc1 Nd7 20.b4 Rb8 21.Bh6 Nb6 22.Bxg7 Kxg7
23.Bc2 Bd7 24.Nh5+ gxh5 25.Qg5+ Kh8 26.Qf6+ Kg8 27.Ra3 h4 28.Qxh4 Qd8 29.Qh6 Kh8
30.Rg3 Rg8 31.e5 Rg6 32.Bxg6 fxg6 33.Rxg6 Qf8 34.Qxf8+ Rxf8 35.Rxd6 Rb8 36.g4 Kg7
37.f4  1-0

[Event "CCA ChessWise op"]
[Site "Stratton Mountain"]
[Date "1999.06.12"]
[Round "3"]
[White "Yermolinsky, Alex"]
[Black "Minasian, Artashes"]
[Result "1/2-1/2"]
[WhiteElo "2597"]
[BlackElo "2594"]

1.Nf3 d5 2.d4 c6 3.c4 e6 4.Nc3 f5 5.Bf4 Nf6 6.e3 Be7 7.Bd3 O-O 8.Qc2 Ne4
9.g4 Qa5 10.a3 Nd7 11.Rg1 Ndf6 12.Ne5 fxg4 13.Bxe4 Nxe4 14.Rxg4 Nf6 15.Rh4 Ne4
16.Rh3 Rf5 17.f3 Nxc3 18.Qxc3 Qxc3+ 19.bxc3 c5 20.Kd2 cxd4 21.cxd4 dxc4 22.Rg3 b5
23.a4 Ba6 24.axb5 Bxb5 25.Ng4 Rxf4 26.exf4 a5 27.f5 Bg5+ 28.Kc3 exf5 29.Ne5 Be7
30.Rb1 Bb4+ 31.Rxb4 axb4+ 32.Kxb4 f4 33.Rg4 Ba6 34.Rxf4 Rb8+ 35.Kc3 Rb3+
36.Kc2 Bb7 37.Rf7 h6 38.Nxc4 Kxf7 39.Kxb3 Ke6 40.Ne5 g5 41.Kc4 h5 42.Kd3 Kf5
43.Ke3 Bd5 44.Nd7 g4 45.fxg4+ hxg4 46.Nb6 Bb7 47.Na4 Kg5 48.Nc5 Bd5 49.Nd3 Kf5
50.Nf4 Bb7 51.Ne2 Bc6  1/2-1/2

[Event "World op"]
[Site "Philadelphia"]
[Date "1999.06.27"]
[Round "1"]
[White "Gilruth, Peter"]
[Black "Yermolinsky, Alex"]
[Result "0-1"]
[WhiteElo "2218"]
[BlackElo "2597"]

1.c4 g6 2.Nc3 c5 3.Nf3 Bg7 4.e3 Nf6 5.d4 cxd4 6.exd4 d5 7.cxd5 Nxd5 8.Bc4 Nb6
9.Bb3 Nc6 10.Be3 O-O 11.O-O Na5 12.Bc2 Nac4 13.Qe2 Bg4 14.Be4 Nd6 15.Bd3 e6
16.h3 Bf5 17.Rfd1 Bxd3 18.Rxd3 Nf5 19.Bf4 Nd5 20.Be5 Re8 21.Nxd5 exd5 22.Qd2 f6
23.Bf4 Re4 24.Rc1 Rc8 25.Rxc8 Qxc8 26.Rc3 Qe6 27.Rc7 Qb6 28.Qc1 h5 29.b3 Re7
30.Rc8+ Kf7 31.Kh2 g5 32.Bc7 Qe6 33.Be5 g4 34.hxg4 hxg4 35.Ng5+ fxg5 36.Qxg5 Qxc8  0-1

[Event "World op"]
[Site "Philadelphia"]
[Date "1999.06.29"]
[Round "3"]
[White "Sarkar, Justin"]
[Black "Yermolinsky, Alex"]
[Result "0-1"]
[WhiteElo "2213"]
[BlackElo "2597"]

1.e4 c5 2.Nf3 d6 3.d4 cxd4 4.Nxd4 Nf6 5.Nc3 Nc6 6.Bg5 e6 7.Qd2 a6 8.O-O-O Nxd4
9.Qxd4 Be7 10.f4 b5 11.Bxf6 gxf6 12.Be2 Qc7 13.f5 Qc5 14.Qxc5 dxc5 15.fxe6 fxe6
16.Bh5+ Kf8 17.e5 f5 18.g4 Ra7 19.Rhg1 Rg8 20.gxf5 Rxg1 21.Rxg1 exf5 22.Nd5 Bh4
23.Nf6 Rg7 24.Rd1 Ke7 25.Rd6 Rg1+ 26.Kd2 Rg2+ 27.Ke3 Bg5+ 28.Kf3 Bb7+ 29.Nd5+ Bxd5+
30.Rxd5 Rxh2  0-1

[Event "Frisco Masters"]
[Site "San Francisco USA"]
[Date "2000.03.06"]
[Round "1"]
[White "Yermolinsky,A"]
[Black "Pruess,D"]
[Result "1-0"]
[WhiteElo "2601"]
[BlackElo "2228"]

1.d4 d5 2.c4 e6 3.Nc3 c6 4.Nf3 Nf6 5.Bg5 dxc4 6.e4 b5 7.e5 h6 8.Bh4 g5 9.Nxg5 hxg5
10.Bxg5 Nbd7 11.g3 Bb7 12.Bg2 Qb6 13.exf6 c5 14.d5 O-O-O 15.O-O b4 16.Rb1 Qa6
17.dxe6 Bxg2 18.e7 Bxf1 19.Qd5 Bd3 20.Bf4 Qb6 21.Na4 Qb5 22.exd8=Q+ Kxd8
23.Re1 Bf5 24.Qa8+ Nb8 25.Bxb8 Qxa4 26.Bxa7+ Kc7 27.Bb8+ Kc8 28.Qxa4 Kxb8
29.Re8+ Kc7 30.Qa5+ Kc6 31.Qa8+  1-0

[Event "US Masters"]
[Site "Oak Bridge, IL USA"]
[Date "2000.03.12"]
[Round "7"]
[White "Ziatdinov,R"]
[Black "Yermolinsky,A"]
[Result "1-0"]
[WhiteElo "2473"]
[BlackElo "2601"]

1.e4 c6 2.d4 d5 3.Nd2 dxe4 4.Nxe4 Bf5 5.Ng3 Bg6 6.h4 h6 7.Nf3 Nf6 8.Ne5 Bh7
9.Bc4 e6 10.Qe2 Nd5 11.Bb3 Nd7 12.Bd2 a5 13.a4 N7f6 14.c4 Nb4 15.Bc3 Be7
16.Rd1 O-O 17.O-O Qc7 18.Bxb4 axb4 19.c5 Nd5 20.Qg4 f5 21.Qe2 Bxh4 22.Nf3 Nf4
23.Qe1 Bf6 24.Qxb4 h5 25.Rfe1 h4 26.Ne2 Nd5 27.Qd2 Rfe8 28.Nc3 b6 29.Ng5 Bxg5
30.Qxg5 bxc5 31.dxc5 Rab8 32.Bxd5 exd5 33.b4 d4 34.Ne2 Rxb4 35.Nf4 Qd8 36.Rxe8+ Qxe8
37.a5 Ra4 38.Rb1 d3 39.Rb7 Qf8 40.Ne6 Rg4  1-0

[Event "New York Open"]
[Site "New York USA"]
[Date "2000.05.06"]
[Round "3"]
[White "Yermolinsky,A"]
[Black "Wedberg,T"]
[Result "1-0"]
[WhiteElo "2601"]
[BlackElo "2487"]

1.d4 Nf6 2.Nf3 e6 3.c4 c5 4.d5 d6 5.Nc3 exd5 6.cxd5 g6 7.e4 a6 8.h3 b5 9.Bd3 Bg7
10.O-O O-O 11.a3 Re8 12.Re1 Nbd7 13.Bf4 Qb6 14.Qd2 c4 15.Bc2 Bb7 16.Be3 Qc7
17.Bd4 Rac8 18.Nh2 Nc5 19.Rad1 Ba8 20.f4 Qb8 21.Ng4 Nxg4 22.Bxg7 Kxg7 23.hxg4 Nd7
24.Qd4+ Kg8 25.g5 Re7 26.Rd2 Rce8 27.Nd1 Qb6 28.Qxb6 Nxb6 29.Nc3 Nd7 30.e5 Nc5
31.Ne4 Nxe4 32.Bxe4 dxe5 33.d6 Rd7 34.Bxa8 Rxa8 35.fxe5 Re8 36.Kf2 Re6 37.Kf3 h6
38.Ke4 hxg5 39.Kd5 Kf8 40.Rh1 Kg7 41.g4  1-0

[Event "New York Open"]
[Site "New York USA"]
[Date "2000.05.11"]
[Round "9"]
[White "Yermolinsky,A"]
[Black "Leitao,R"]
[Result "1/2-1/2"]
[WhiteElo "2601"]
[BlackElo "2565"]

1.Nf3 Nf6 2.c4 e6 3.Nc3 Bb4 4.Qc2 O-O 5.a3 Bxc3 6.Qxc3 b6 7.g3 Bb7 8.Bg2 d6
9.b4 Nbd7 10.O-O c5 11.Bb2 Rc8 12.d4 Qc7 13.Rac1 Ne4 14.Qd3 f5 15.Rfd1 Ndf6
16.dxc5 bxc5 17.Bxf6 Rxf6 18.Nd2 cxb4 19.axb4 Qb6 20.c5 dxc5 21.Nc4 Qc7 22.f3 Ng5
23.Nd6 Rd8 24.bxc5 Nf7 25.Qe3 Bc6 26.Nxf7 Rxd1+ 27.Rxd1 Kxf7 28.Rd6 Qb7 29.Qc3 Qb5
30.Rd2 Qb7 31.Qa5 Kg6 32.Qc3 h6 33.h4 Kh7 34.Rd6 Qb5 35.Bf1 Qb7 36.h5 Qc7
37.Kf2 a5 38.Qb2 a4 39.e3 Rf8 40.Bc4 Bd5 41.Bxd5 exd5 42.Rxd5 Qf7 43.Rd4 Ra8
44.Qa3  1/2-1/2

[Event "Chesswise International"]
[Site "Stratton Mountain USA"]
[Date "2000.07.11"]
[Round "2"]
[White "Martirosov,V"]
[Black "Yermolinsky,A"]
[Result "0-1"]
[WhiteElo "2256"]
[BlackElo "2596"]

1.e4 c5 2.Nf3 d6 3.d4 cxd4 4.Nxd4 Nf6 5.Nc3 Nc6 6.Be2 e5 7.Nf3 h6 8.O-O Be7
9.Re1 O-O 10.h3 Be6 11.Bf1 Nb8 12.Nh4 Nc6 13.Nf5 Bxf5 14.exf5 d5 15.f4 exf4
16.Bxf4 Bd6 17.Bxd6 Qxd6 18.Qd2 Rfe8 19.Bd3 Qb4 20.b3 Qd4+ 21.Kh1 Ne4  0-1

[Event "World Open"]
[Site "Philadelphia USA"]
[Date "2000.07.28"]
[Round "1"]
[White "Yermolinsky,A"]
[Black "Adu,O"]
[Result "1/2-1/2"]
[WhiteElo "2601"]
[BlackElo "2253"]

1.d4 Nf6 2.c4 g6 3.Nc3 Bg7 4.e4 d6 5.h3 O-O 6.Bg5 c5 7.d5 Qa5 8.Bd2 e6 9.Bd3 exd5
10.cxd5 Re8 11.Nge2 Qd8 12.O-O c4 13.Bc2 b5 14.Nxb5 Nxe4 15.Bxe4 Rxe4 16.Bc3 a6
17.Na3 Bxc3 18.Nxc3 Rh4 19.Qf3 Bf5 20.Qg3 Qf6 21.Rac1 Nd7 22.Nc2 Bd3 23.Rfe1 Rf4
24.Ne3 h5 25.f3 h4  1/2-1/2

[Event "World Open"]
[Site "Philadelphia USA"]
[Date "2000.07.29"]
[Round "2"]
[White "Gilruth,P"]
[Black "Yermolinsky,A"]
[Result "0-1"]
[WhiteElo "2212"]
[BlackElo "2601"]

1.c4 e5 2.Nc3 Bb4 3.g3 Bxc3 4.bxc3 d6 5.Bg2 Ne7 6.d3 O-O 7.e4 b6 8.Ne2 Bb7
9.O-O Nd7 10.f4 f5 11.exf5 Bxg2 12.Kxg2 Nxf5 13.Qc2 Qe8 14.Bd2 Nc5 15.Rae1 Qg6
16.Nc1 Rf7 17.Rf2 Raf8 18.Kf1 exf4 19.Bxf4 Ne6 20.Ree2 Ng5 21.Bxg5 Qxg5 22.Kg1 Nxg3
23.hxg3 Qxg3+ 24.Kh1 Qh4+ 25.Kg1 Qg5+ 26.Kf1 Qh6 27.Kg1 Rxf2 28.Rxf2 Rxf2
29.Qxf2 Qxc1+ 30.Kg2 Qg5+ 31.Kh1  0-1

[Event "101st US Open"]
[Site "Saint Paul USA"]
[Date "2000.08.08"]
[Round "4"]
[White "Ying,V"]
[Black "Yermolinsky,A"]
[Result "0-1"]
[WhiteElo "2157"]
[BlackElo "2596"]

1.e4 c5 2.Nc3 e6 3.f4 Nc6 4.g3 d5 5.e5 Nh6 6.d3 b5 7.Bg2 b4 8.Nce2 Nf5 9.Nf3 Be7
10.O-O h5 11.h3 Qb6 12.c3 Ba6 13.Kh2 Rd8 14.Qc2 g6 15.Bd2 Kf8 16.Rad1 Kg7
17.Bc1 Na5 18.Rfe1 b3 19.axb3 Nxb3 20.Bd2 Rb8 21.Rb1 Qb5 22.Nc1 Nxc1 23.Qxc1 Qxd3
24.Qd1 Qb5 25.Bf1 Qb6 26.Bxa6 Qxa6 27.Ra1 Qb6 28.b4 cxb4 29.cxb4 Qf2+  0-1

[Event "34th Olympiad"]
[Site "Istanbul TUR"]
[Date "2000.10.31"]
[Round "4"]
[White "Barua,D"]
[Black "Yermolinsky,A"]
[Result "1/2-1/2"]
[WhiteElo "2502"]
[BlackElo "2596"]

1.e4 c5 2.Nf3 d6 3.d4 cxd4 4.Nxd4 Nf6 5.Nc3 e6 6.Be2 Be7 7.O-O Nc6 8.Be3 Bd7
9.f4 Nxd4 10.Qxd4 Bc6 11.Rad1 O-O 12.Bf3 Qc7 13.Qc4 Rac8 14.Nb5 Bxb5 15.Qxb5 a6
16.Qb3 b5 17.c3 Rfd8 18.Rd2 d5 19.exd5 Nxd5 20.Bxd5 Bc5 21.Bf2 Bxf2+ 22.Rfxf2 Qc5
23.c4 bxc4 24.Qxc4 Rxd5 25.Qxc5 Rdxc5 26.Kf1 g6 27.Rf3 Kg7 28.Ke2 h5 29.Rfd3 g5
30.fxg5 Rxg5 31.g3 Rc1 32.Rf3 Re5+ 33.Kf2 Kg6 34.Rb3 a5 35.Kg2 Rec5 36.h4 f5
37.Rb8 R1c2 38.Rxc2 Rxc2+ 39.Kf3 a4 40.a3 Kf6 41.Rb4 e5 42.Rxa4 Rxb2 43.Ra6+ Kf7
44.a4 Rb3+  1/2-1/2

[Event "National Open"]
[Site "Las Vegas USA"]
[Date "2001.03.09"]
[Round "1"]
[White "Yermolinsky,A"]
[Black "Wu,H"]
[Result "1-0"]
[WhiteElo "2568"]
[BlackElo "2179"]

1.d4 Nf6 2.c4 c5 3.d5 b5 4.cxb5 a6 5.b6 Qxb6 6.Nc3 d6 7.e4 g6 8.a4 Bg7 9.a5 Qb4
10.Ra4 Qb7 11.Bc4 O-O 12.Nf3 Bd7 13.Ra2 Qb4 14.Nd2 Ng4 15.Be2 Nh6 16.O-O f5
17.Nc4 Bb5 18.Nxb5 axb5 19.Bd2  1-0

[Event "Continental Open"]
[Site "Las Vegas USA"]
[Date "2001.07.26"]
[Round "1"]
[White "Yermolinsky,A"]
[Black "Noble,M"]
[Result "1-0"]
[WhiteElo "2571"]
[BlackElo "2240"]

1.d4 d5 2.c4 c6 3.Nf3 Nf6 4.Nc3 dxc4 5.a4 Bf5 6.Nh4 e6 7.Nxf5 exf5 8.e3 Bb4
9.Bxc4 O-O 10.O-O Nbd7 11.Qc2 g6 12.Rd1 Qe7 13.f3 Rfe8 14.a5 Rac8 15.Qb3 c5
16.d5 Ne5 17.d6 Qd8 18.a6 Nxc4 19.Qxc4 b6 20.e4 Bxc3 21.Qxc3 fxe4 22.d7 Rf8  1-0

[Event "I American Continental"]
[Site "Cali COL"]
[Date "2001.08.10"]
[Round "1"]
[White "Yermolinsky,A"]
[Black "Ugalde,R"]
[Result "1-0"]
[WhiteElo "2571"]
[BlackElo "2167"]

1.d4 d5 2.c4 e6 3.Nc3 Nf6 4.cxd5 exd5 5.Bg5 Be7 6.e3 c6 7.Qc2 Be6 8.Bd3 h6
9.Bf4 Nbd7 10.h3 Qa5 11.Ne2 O-O 12.O-O Rfe8 13.a3 Qd8 14.Bh2 Nf8 15.b4 b5
16.a4 a6 17.Rab1 Qd7 18.Be5 Qc8 19.Ng3 N8d7 20.f4 Nb6 21.a5 Nc4 22.Bxc4 bxc4
23.f5 Bd7 24.Na4 Qb7 25.Nc5 Qa7 26.Qe2 Rad8 27.Qf3 Bc8 28.h4 Kh8 29.Qf4 Rg8
30.Nh1 Kh7 31.Nf2 Ne8 32.Nh3 f6 33.Bb8 Qa8 34.g4 Bb7 35.Bc7 Nxc7 36.Qxc7 Qb8
37.Qxb8 Rxb8 38.Nf4 Bc8 39.Kf2 Re8 40.h5 Bxc5 41.dxc5 Re4 42.Kf3 Bd7 43.Rfc1 Kg8
44.Ne2 Rbe8 45.Rc3 R4e5 46.Nd4 Kf7 47.Rd1 Rb8 48.Rb1 Re7 49.Ra3 Be8 50.Ra2 Bd7
51.Re2 Re4 52.Nc2 Rbe8 53.Rd1 Kf8 54.Rd4 R4e7 55.e4 Bc8 56.Re3 Bb7 57.exd5 cxd5
58.Rxe7 Rxe7 59.Kf2 Ke8 60.Rd2 Kd7 61.Re2 Re5 62.Nd4 Bc8 63.Re3 Ke7 64.Nc6+ Kd7
65.Nxe5+ fxe5 66.Rxe5 Kc6 67.Ke3 Kb5 68.Kd4 Kxb4 69.c6 c3 70.Kd3  1-0

[Event "I American Continental"]
[Site "Cali COL"]
[Date "2001.08.12"]
[Round "3"]
[White "Yermolinsky,A"]
[Black "Acosta,A COL"]
[Result "1-0"]
[WhiteElo "2571"]
[BlackElo "2300"]

1.d4 d5 2.c4 c6 3.Nf3 Nf6 4.Nc3 e6 5.Bg5 dxc4 6.e4 b5 7.e5 h6 8.Bh4 g5 9.Nxg5 hxg5
10.Bxg5 Nbd7 11.g3 Qa5 12.exf6 b4 13.Ne4 Ba6 14.Qf3 O-O-O 15.Be2 Nb6 16.Nc5 Bb5
17.Be3 Bxc5 18.dxc5 b3+ 19.Kf1 Nd5 20.Kg2 bxa2 21.Rhc1 Qa6 22.Bf4 Nb4 23.Bd6 Nd3
24.Rc3 Qb7 25.Ra3 Nb4 26.Qc3 Nd5 27.Qd4 Nb4 28.Qd2 Nd5 29.R1xa2 a6 30.Rf3 e5
31.Qg5 c3 32.Qf5+ Rd7 33.bxc3 Bxe2 34.Rxe2 Qb5  1-0

[Event "I American Continental"]
[Site "Cali COL"]
[Date "2001.08.19"]
[Round "10"]
[White "Gulko,B"]
[Black "Yermolinsky,A"]
[Result "1/2-1/2"]
[WhiteElo "2602"]
[BlackElo "2571"]

1.d4 Nf6 2.c4 e6 3.Nc3 Bb4 4.e3 O-O 5.Bd3 d5 6.a3 Bxc3+ 7.bxc3 dxc4 8.Bxc4 c5
9.Nf3 Qc7 10.Ba2 b6 11.O-O Bb7 12.c4 Rd8 13.Bb2 cxd4 14.exd4 Qf4 15.Ne5  1/2-1/2

[Event "National Open"]
[Site "Las Vegas USA"]
[Date "2002.03.08"]
[Round "2"]
[White "Yermolinsky,A"]
[Black "Hayward,K"]
[Result "1-0"]
[WhiteElo "2574"]
[BlackElo "2290"]

1.Nf3 d5 2.d4 e6 3.c4 c6 4.Nc3 Nf6 5.Bg5 h6 6.Bh4 dxc4 7.e4 g5 8.Bg3 b5 9.Be2 Nbd7
10.d5 exd5 11.exd5 b4 12.dxc6 bxc3 13.cxd7+ Qxd7 14.bxc3 Qxd1+ 15.Rxd1 Bg7
16.Bxc4 O-O 17.O-O Bb7 18.Ne5 Rac8 19.Rfe1 Rc7 20.Bb3 Rxc3 21.Ng6 Ra8 22.Ne7+ Kf8
23.Be5 Ne4 24.Bxc3 Bxc3 25.Re3 Kxe7 26.Bc2  1-0

[Event "National Open"]
[Site "Las Vegas USA"]
[Date "2002.03.10"]
[Round "5"]
[White "Yermolinsky,A"]
[Black "Blatny,P"]
[Result "1-0"]
[WhiteElo "2574"]
[BlackElo "2433"]

1.Nf3 d5 2.d4 e6 3.c4 Nf6 4.Nc3 Bb4 5.cxd5 exd5 6.Bg5 Nbd7 7.Qc2 h6 8.Bxf6 Bxc3+
9.bxc3 Qxf6 10.e3 O-O 11.c4 dxc4 12.Bxc4 c5 13.O-O cxd4 14.Nxd4 Nb6 15.Bb3 Bd7
16.Rac1 Qe5 17.Qc7 Qxc7 18.Rxc7 Rab8 19.Rfc1 Rfc8 20.f4 Re8 21.Kf2 Kf8 22.g4 Re7
23.Nf5 Bxf5 24.gxf5 Rd8 25.e4 a5 26.e5 Rxc7 27.Rxc7 Rd7 28.Rxd7 Nxd7 29.Ke3 g5
30.fxg6 fxg6 31.Kd4 Ke7 32.Bc2 Nf8 33.f5 gxf5 34.Bxf5 a4 35.Kc5 Ne6+ 36.Kb4 Nd4
37.Be4 Ke6 38.Bxb7 Nb3 39.Ba6 Kxe5 40.Kxa4 Nc5+ 41.Ka5 Kd4 42.Bf1 Ne4 43.Kb6 Nc3
44.a3 Na4+ 45.Kc6 Nc3 46.Kd6 Ne4+ 47.Ke6 Nd2 48.Bg2 Nc4 49.a4 Kc5 50.h4 Ne3
51.Bf3 Kb4 52.Bc6 Kc5 53.Be8 h5 54.Kf6 Nd5+ 55.Kg5 Kd6 56.Bxh5 Nc3 57.a5 Ne4+
58.Kg6 Ng3 59.Bf3 Kc5 60.Kg5 Kb5 61.Kf4  1-0

[Event "30th World Open"]
[Site "Philadelphia USA"]
[Date "2002.07.06"]
[Round "8"]
[White "Paschall,W"]
[Black "Yermolinsky,A"]
[Result "1-0"]
[WhiteElo "2428"]
[BlackElo "2583"]

1.e4 c5 2.Nf3 d6 3.d4 cxd4 4.Nxd4 Nf6 5.Nc3 Nc6 6.Be3 Ng4 7.Bg5 h6 8.Bh4 g5
9.Bg3 Bg7 10.Nb3 Be6 11.Qd2 Na5 12.h4 gxh4 13.Bxh4 Ne5 14.Nxa5 Qxa5 15.Bxe7 Rc8
16.Bb5+ Nc6 17.Bxd6 Bxc3 18.Qxc3 Qxb5 19.Qxh8+ Kd7 20.Bf8 Kc7 21.Rxh6 Qc4
22.O-O-O Kb6 23.Rxe6 Qxe6 24.Qh6 Qxe4 25.Bg7 Qxg2 26.Qe3+ Ka6 27.Bc3 Qg4
28.b3 Qe6 29.Qd3+ Kb6 30.a4 Rd8 31.Ba5+  1-0

[Event "Imre Konig Mem"]
[Site "San Francisco USA"]
[Date "2002.09.04"]
[Round "1"]
[White "Fedorowicz,J"]
[Black "Yermolinsky,A"]
[Result "1/2-1/2"]
[WhiteElo "2509"]
[BlackElo "2592"]

1.e4 c5 2.Nf3 d6 3.d4 cxd4 4.Nxd4 Nf6 5.Nc3 Nc6 6.Bg5 e6 7.Qd2 a6 8.O-O-O Nxd4
9.Qxd4 Be7 10.f3 b5 11.h4 Bb7 12.Kb1 Qc7 13.Qd2 O-O 14.Ne2 Rac8 15.Nd4 Rfd8
16.Bd3 Qb6 17.Be3 Qc7 18.Bg5 Qb6 19.Be3  1/2-1/2

[Event "Imre Konig Mem"]
[Site "San Francisco USA"]
[Date "2002.09.15"]
[Round "9"]
[White "Yermolinsky,A"]
[Black "Atalik,S"]
[Result "1/2-1/2"]
[WhiteElo "2592"]
[BlackElo "2551"]

1.d4 e6 2.c4 d5 3.Nc3 c6 4.Nf3 Nf6 5.Bg5 h6 6.Bh4 dxc4 7.e4 b5 8.e5 g5 9.Nxg5 hxg5
10.Bxg5 Nbd7 11.exf6 Qa5 12.g3 Ba6 13.Qf3 b4 14.Ne4 Qd5 15.Be3 c5 16.Rd1 Rd8
17.Bg2 c3 18.Nxc5 Qxf3 19.Bxf3 Bxc5 20.dxc5 Ne5 21.Be4 Bd3 22.Bxd3 Nxd3+
23.Ke2 Nxb2 24.Rxd8+ Kxd8 25.h4 Kd7 26.h5 Kc6 27.g4 Nc4 28.g5 Nxe3 29.fxe3 a5
30.Kd3 Kb5 31.Rh4 e5 32.g6 fxg6 33.hxg6 Rd8+ 34.Rd4 exd4 35.exd4 Rxd4+ 36.Kxd4 c2
37.f7 c1=Q 38.f8=Q Qg1+ 39.Kd5 Qg5+ 40.Kd4 Qg1+ 41.Kd5  1/2-1/2

[Event "38th American Open"]
[Site "Los Angeles USA"]
[Date "2002.11.28"]
[Round "1"]
[White "Maldonado,O"]
[Black "Yermolinsky,A"]
[Result "0-1"]
[WhiteElo "2254"]
[BlackElo "2575"]

1.Nf3 d5 2.d4 c6 3.e3 Bf5 4.Nc3 e6 5.Ne2 Nd7 6.Ng3 Bg6 7.Bd3 Bd6 8.Bd2 Ngf6
9.O-O O-O 10.Bxg6 hxg6 11.Bc3 Qc7 12.Re1 b5 13.Ng5 a5 14.Bd2 c5 15.c3 e5
16.e4 exd4 17.cxd4 cxd4 18.exd5 Qb7 19.N3e4 Qxd5 20.Nxd6 Qxd6 21.Qb3 b4 22.Qh3 Rfe8
23.a3 Qd5 24.Red1 Nc5 25.axb4 Nb3  0-1

[Event "38th American Open"]
[Site "Los Angeles USA"]
[Date "2002.11.28"]
[Round "2"]
[White "Yermolinsky,A"]
[Black "Milicevic,D"]
[Result "1-0"]
[WhiteElo "2575"]
[BlackElo "2240"]

1.d4 d5 2.c4 e6 3.Nf3 c6 4.Nc3 f5 5.Bf4 Nf6 6.e3 Be7 7.Bd3 O-O 8.Qc2 Ne4
9.g4 Na6 10.a3 Qa5 11.Ke2 g5 12.Be5 fxg4 13.Bxe4 dxe4 14.Nxg5 Bxg5 15.Nxe4 Rf5
16.Rag1 Rxe5 17.dxe5 Qxe5 18.Rxg4 h6 19.h4 Qf5 20.f3 Nc5 21.hxg5 Nxe4 22.Qxe4 Qxe4
23.Rxe4 hxg5 24.Rd4 e5 25.Rd8+ Kg7 26.Rhh8  1-0

[Event "38th American Open"]
[Site "Los Angeles USA"]
[Date "2002.11.29"]
[Round "3"]
[White "Blatny,P"]
[Black "Yermolinsky,A"]
[Result "1-0"]
[WhiteElo "2479"]
[BlackElo "2575"]

1.f4 g6 2.e3 Bg7 3.Be2 d6 4.Nf3 Nf6 5.b3 Nfd7 6.Nc3 e5 7.Bb2 Nc6 8.O-O O-O
9.Qe1 exf4 10.exf4 Re8 11.Qf2 Nf6 12.Rae1 Bf5 13.Bd1 Qd7 14.Qh4 Rxe1 15.Rxe1 Re8
16.Rxe8+ Nxe8 17.Na4 Qe7 18.Bxg7 Kxg7 19.g4 Qxh4 20.Nxh4 Bd7 21.Nc3 h6 22.Kf2 g5
23.Ng2 f5 24.gxf5 Bxf5 25.Ne3 Bd7 26.Kg3 Ne7 27.fxg5 hxg5 28.a4 Nf5+ 29.Kf2 Nxe3
30.Kxe3 Nf6 31.Kd4 a5 32.Bf3 b6 33.Kc4 Kf8 34.Nb5 Bxb5+ 35.Kxb5 Ke7 36.c3 Kd8
37.Bc6 Ng4 38.b4 Nxh2 39.bxa5 bxa5 40.Kxa5 Nf1 41.Ka6  1-0

[Event "38th American Open"]
[Site "Los Angeles USA"]
[Date "2002.12.01"]
[Round "7"]
[White "Lakdawala,C"]
[Black "Yermolinsky,A"]
[Result "0-1"]
[WhiteElo "2437"]
[BlackElo "2575"]

1.Nf3 g6 2.c4 Bg7 3.Nc3 c5 4.g3 Nc6 5.Bg2 e5 6.O-O d6 7.a3 a5 8.d3 Nge7 9.Ne1 Be6
10.Nd5 O-O 11.Nc2 Rb8 12.Bg5 f6 13.Bd2 b5 14.b3 h6 15.Rb1 f5 16.b4 axb4 17.axb4 bxc4
18.dxc4 e4 19.bxc5 Rxb1 20.Qxb1 dxc5 21.Rd1 Qb8 22.Nxe7+ Nxe7 23.Be3 Qxb1
24.Rxb1 Rc8 25.Rb7 Nc6 26.Bxc5 Nd8 27.Re7 Bf6 28.Re8+ Kf7 29.Rf8+ Kg7 30.Ba3 Bxc4
31.Ne3 Bf7 32.h4 Ra8 33.Bb4 Ra4 34.Bc5 Be6 35.Re8 Bd7 36.Bf8+ Kh7 37.Be7 Bxe8
38.Bxf6 Ne6 39.h5 Nd4 40.Bxd4 Rxd4 41.Bh3 gxh5 42.Bxf5+ Bg6 43.Bxg6+ Kxg6
44.Ng2 Kf5 45.Nh4+ Kg4 46.e3 Rd6 47.Kh2 Ra6 48.Kg2 Rf6 49.Kf1 Kh3 50.Ng2 Ra6
51.Nf4+ Kg4 52.Ng2 Ra1+ 53.Ke2 Ra5 54.Nh4 Kh3 55.Ng6 Kh2 56.Nf4 Ra1 57.Nxh5 Kg1
58.Nf4 Ra2+ 59.Ke1 h5 60.Nxh5 Rxf2 61.Nf4 Rf3 62.Nd5 Kg2 63.g4 Rg3 64.Kd2 Kf3
65.Kc3 Rxg4 66.Kd4 Rg8  0-1

[Event "12th Chicago Open"]
[Site "Oak Brook USA"]
[Date "2003.05.24"]
[Round "3"]
[White "Yermolinsky,A"]
[Black "Dimitrijevic,Da"]
[Result "1-0"]
[WhiteElo "2552"]
[BlackElo "2244"]

1.d4 Nf6 2.c4 e6 3.Nf3 c5 4.d5 exd5 5.cxd5 Bd6 6.Nc3 O-O 7.Bg5 Re8 8.e3 a6
9.Bd3 h6 10.Bxf6 Qxf6 11.Ne4 Qe7 12.Rc1 b5 13.Bb1 c4 14.O-O g6 15.Qd4  1-0

[Event "12th Chicago Open"]
[Site "Oak Brook USA"]
[Date "2003.05.25"]
[Round "5"]
[White "Yermolinsky,A"]
[Black "Watson,J"]
[Result "1-0"]
[WhiteElo "2552"]
[BlackElo "2353"]

1.d4 Nf6 2.c4 c5 3.d5 e6 4.Nc3 exd5 5.cxd5 d6 6.e4 g6 7.Bd3 Bg7 8.h3 O-O
9.Bg5 Nbd7 10.Nf3 a6 11.a4 Re8 12.O-O h6 13.Be3 g5 14.Re1 g4 15.hxg4 Nxg4
16.Bf4 Qf6 17.Bg3 Nde5 18.Be2 Nxf3+ 19.gxf3 Ne5 20.f4 Nd7 21.Bd3 Qd4 22.a5 c4
23.Bc2 Qxd1 24.Raxd1 Bxc3 25.bxc3 Nc5 26.f5 Rd8 27.Rd4 Nb3 28.Bxb3 cxb3 29.Rb1 f6
30.Rxb3 Kf7 31.Rb6 Bd7 32.Bxd6 Rac8 33.c4 Ke8 34.f3  1-0

[Event "31st World Open"]
[Site "Philadelphia USA"]
[Date "2003.07.06"]
[Round "8"]
[White "Adu,O"]
[Black "Yermolinsky,A"]
[Result "0-1"]
[WhiteElo "2284"]
[BlackElo "2552"]

1.e4 c5 2.Nf3 Nc6 3.d3 g6 4.g3 Bg7 5.Bg2 e5 6.c3 Nge7 7.a3 a5 8.a4 O-O 9.O-O d6
10.Na3 h6 11.Re1 Be6 12.Nb5 f5 13.Nd2 d5 14.exd5 Bxd5 15.Bxd5+ Nxd5 16.Qb3 Kh7
17.Nc4 Rb8 18.Ncd6 Nc7 19.Qc4 Nxb5 20.Nxb5 b6 21.d4 exd4 22.Bf4 Rb7 23.Re6 Rf6
24.Rae1 Rxe6 25.Rxe6 Re7 26.Rxc6 Qe8 27.Rd6 Re1+ 28.Kg2 Qe4+ 29.Kh3 Rg1 30.Qd5 Qe2
31.f3 Qg2+  0-1

[Event "Ralston IM"]
[Site "San Francisco USA"]
[Date "2003.10.25"]
[Round "1"]
[White "Yermolinsky,A"]
[Black "Lobo,Ri"]
[Result "1-0"]
[WhiteElo "2546"]
[BlackElo "2302"]

1.d4 Nf6 2.c4 e6 3.Nf3 Bb4+ 4.Nbd2 O-O 5.a3 Bxd2+ 6.Bxd2 b6 7.Bg5 Bb7 8.e3 d6
9.Bd3 h6 10.Bh4 Nbd7 11.Qc2 Qe7 12.Rd1 c5 13.O-O Rac8 14.b4 Rfd8 15.Qb2 Nf8
16.bxc5 bxc5 17.Bxf6 gxf6 18.Qe2 Ng6 19.d5 f5 20.Qb2 Rb8 21.Qc3 Nf8 22.Rfe1 exd5
23.Bxf5 dxc4 24.e4 Ba6 25.Nd2 Ne6 26.Bxe6 Qxe6 27.f4 d5 28.exd5 Qxd5 29.Ne4 Qxd1
30.Rxd1 Rxd1+ 31.Kf2 Rb3 32.Qe5 c3 33.Nf6+ Kg7 34.Nd7+ Kh7 35.Qf5+ Kg7 36.Qg4+ Kh8
37.Qxd1  1-0

[Event "Ralston IM"]
[Site "San Francisco USA"]
[Date "2003.10.25"]
[Round "2"]
[White "Shivaji,S1"]
[Black "Yermolinsky,A"]
[Result "0-1"]
[WhiteElo "2281"]
[BlackElo "2546"]

1.e4 c5 2.Nf3 d6 3.d4 cxd4 4.Nxd4 Nf6 5.Nc3 Nc6 6.Bc4 Qb6 7.Nb3 e6 8.O-O Be7
9.Be3 Qc7 10.f4 a6 11.Bd3 b5 12.Qf3 Bb7 13.Rad1 O-O 14.Qh3 Nb4 15.g4 d5 16.e5 Ne4
17.Bd4 f5 18.exf6 Bxf6 19.a3 Nxd3 20.cxd3 Bxd4+ 21.Nxd4 Nxc3 22.bxc3 Rxf4
23.Nxe6 Qb6+ 24.Nd4 Raf8 25.Qe3 Qh6 26.Rxf4 Qxf4 27.Qxf4 Rxf4 28.h3 h5 29.gxh5 Bc8
30.Kg2 Rh4 31.Rh1 Rxh5 32.h4 Bf5 33.Nxf5 Rxf5 34.Re1 Rf4 35.d4 Rg4+ 36.Kh3 Rg6
37.Re8+ Kh7 38.Rd8 Rc6 39.Rxd5 Rxc3+ 40.Kg4 Rxa3 41.Rd8 a5 42.d5 b4 43.Ra8 b3
44.d6 Ra4+ 45.Kg3 b2 46.Rb8 Rb4 47.Rxb4 axb4 48.d7 b1=Q 49.d8=Q b3  0-1

[Event "Ralston IM"]
[Site "San Francisco USA"]
[Date "2003.10.26"]
[Round "4"]
[White "Ho,M"]
[Black "Yermolinsky,A"]
[Result "1/2-1/2"]
[WhiteElo "2176"]
[BlackElo "2546"]

1.e4 c5 2.Nf3 d6 3.d4 cxd4 4.Nxd4 Nf6 5.Nc3 Nc6 6.Be2 e5 7.Nf3 h6 8.h3 Be6
9.O-O Be7 10.Re1 O-O 11.Bf1 Nb8 12.b3 Nbd7 13.Bb2 a6 14.a4 Rc8 15.Nd2 Qc7
16.Qf3 Qc6 17.Bc4 Nb6 18.Bd3 d5 19.exd5 Nbxd5 20.Nce4 Nb4 21.Nxf6+ Bxf6 22.Be4 Bd5
23.Ba3 Bxe4 24.Nxe4 Nxc2 25.Bxf8 Nxe1 26.Nxf6+ gxf6 27.Qg4+ Kxf8 28.Rxe1 Qe6
29.Qb4+ Kg7 30.Qxb7 Rc3  1/2-1/2

[Event "Ralston IM"]
[Site "San Francisco USA"]
[Date "2003.11.02"]
[Round "8"]
[White "Yermolinsky,A"]
[Black "Zilberstein,Dm"]
[Result "1-0"]
[WhiteElo "2546"]
[BlackElo "2355"]

1.d4 Nf6 2.c4 e6 3.Nf3 d5 4.Nc3 Bb4 5.cxd5 exd5 6.Bg5 h6 7.Bh4 g5 8.Bg3 Ne4
9.Nd2 Nxc3 10.bxc3 Bxc3 11.Rc1 Ba5 12.e3 Bf5 13.Be2 Nd7 14.O-O c6 15.e4 dxe4
16.Nc4 Bc7 17.d5 O-O 18.dxc6 bxc6 19.Nd6 Bg6 20.Nb7 Qe8 21.Bxc7 Qc8 22.Rxc6  1-0